Statistics for Major Cities In the U.S Close To A Border

Click here to take the quiz!

General Stats

  • This quiz has been taken 37 times
  • The average score is 6 of 7

Answer Stats

Bordering CountryCity% Correct
MexicoSan Diego
94%
MexicoEL Paso
91%
CanadaDetroit
88%
CanadaSeattle
82%
MexicoPhoenix
74%
MexicoLos Angeles
62%
MexicoTucson
59%

Score Distribution

Percentile by Number Answered

Percent of People with Each Score

Your Score History

You have not taken this quiz